| 000 | 01043nam a2200301Ia 4500 | ||
|---|---|---|---|
| 001 | Para_8697 | ||
| 003 | CHAP | ||
| 008 | 220125s2002 xx 000 0 und d | ||
| 010 | _a207508 | ||
| 040 | _cCHAP | ||
| 090 | _aPA TESIS 1695 | ||
| 100 |
_aEspinosa Villeda, Alma Neri _938011 |
||
| 245 |
_aManejo químico de malezas en soya forrajera, Glycine wightii (Wight & Arn.) Verdc., como cobertura viva en Chapingo, Méx. / _c por Alma Neri Espinosa Villeda |
||
| 260 |
_aChapingo, Méx. : _b el autor |
||
| 300 | _a42 h. | ||
| 502 | _aTesis (Ing. Agr. Esp. en Parasitología Agrícola) -- UACh. Departamento Parasitología Agrícola | ||
| 650 |
_aCultivos de cobertura _930371 |
||
| 650 |
_aHerbicidas _953691 |
||
| 650 |
_aSoya _x malas hierbas _x control _9109068 |
||
| 710 |
_aUACh. Departamento Parasitología Agrícola _9164025 |
||
| 901 | _aPA TESIS 1695 | ||
| 902 | _aA | ||
| 905 | _a0000002002 n 0000000000 00 | ||
| 910 | _a2002 | ||
| 942 | _cPARA | ||
| 942 |
_cPARA _d1 |
||
| 999 |
_c207508 _d207508 |
||